000 00715nam a2200289Ia 4500
005 20260324121616.0
008 008 260324s9999 xx 000 0 eng d
020 _a9780203701270
037 _aEBOOK
040 _aCRL
040 _beng
040 _cCRL
041 _2eng
041 _aeng
084 _qCRL
100 _aGearoid Millar
_91061649
245 3 _aAn Ethnographic Approach to Peacebuilding
245 0 _bUnderstanding Local Experiences in Transitional States
260 _bTaylor and Francis
260 _c2014
365 _a
365 _b240
856 _uhttp://www.taylorfrancis.com/books/9780203701270
942 _cEBOOK
999 _c1755397
_d1755397